|
|
|
|
| LEADER |
00000naa a2200000uu 4500 |
| 001 |
vtls011034009 |
| 003 |
SK-MaSNL |
| 005 |
20260302124806.0 |
| 008 |
210907|2006 xo |||||||||||||||||slo| |
| 015 |
|
|
|a SNBRA
|
| 035 |
|
|
|a (urnnbn)urn:nbn:sk:snk:ar-008si3
|
| 035 |
|
|
|a (uuid)bf7efc05-2f57-418d-bcc5-3086a38c42bc
|
| 035 |
|
|
|a urn:nbn:sk:snk-aauocf
|
| 040 |
|
|
|a SNKBUCL
|b slo
|c SNKBUCL
|e AACR2
|
| 041 |
0 |
|
|a slo
|
| 044 |
|
|
|a xo
|c SK
|
| 100 |
1 |
|
|a Uhrinová, Miriam,
|d 1975-
|4 aut
|9 183913
|
| 245 |
1 |
0 |
|a Význam pohybovej aktivity u detí
|c Miriam Uhrinová
|
| 773 |
0 |
|
|t Biológia v škole dnes a zajtra
|d Ružomberok : Edičné stredisko Katolíckej univerzity, 2006
|g S. 72-75
|z 8080840881
|
| 958 |
|
|
|a OND
|
| 958 |
|
|
|a article12
|
| 958 |
|
|
|a chapter
|
| 999 |
|
|
|c 1290132
|d 1292062
|